Представление документа в формате MARC21

Поле Инд. ПП Название Значение
Тип записи a
Библиографический уровень m
001 Контрольный номер dbfaf0ef923047ee9d2ec8b3d66bc3e4
005 Дата корректировки 20251001163651.7
020 a ISBN 978-5-392-41450-5
c Цена, тираж 331-00
084 a Индекс другой классификации/Индекс ББК 84(2=411.2)1
090 a Полочн. индекс 84(2=411.2)1
c Каталожный индекс 84(2=411.2)1
x Авторский знак Т 87
091 i Возрастная адресация (DOS) 12+
097 b Оператор Кондратьева; Попеленкова
100 1_ a Автор Тургенев И. С.
q Полное имя Тургенев Иван Сергеевич
245 10 a Заглавие Отцы и дети
b Продолж. заглавия роман : [12+]
c Ответственность художник Т. Ю. Зайцев
260 a Место издания Москва
b Издательство Проспект
c Дата издания 2025
300 a Объем 320 с.
b Иллюстрации/ тип воспроизводства ил.
440 _0 a Серия Роман с книгой
900 a Имя макрообъекта о15711041
901 t Тип документа m